000 00341pab a2200145 454500
008 180718b2005 xxu||||| |||| 00| 0 eng d
100 _aDurlauf, Steven N.
245 _aComplexity and empirical economics
260 _c2005
300 _ap.225-43.
362 _aJun
650 _aEconomics
773 _aEconomic Journal
909 _a66149
999 _c66149
_d66149